Business Correspondence And Report Writing (Record no. 99311)
[ view plain ]
| 000 -LEADER | |
|---|---|
| fixed length control field | 00329nam a2200133Ia 4500 |
| 008 - FIXED-LENGTH DATA ELEMENTS--GENERAL INFORMATION | |
| fixed length control field | 230306s9999 xx 000 0 und d |
| 041 ## - LANGUAGE CODE | |
| Language code of text/sound track or separate title | eng |
| 082 ## - DEWEY DECIMAL CLASSIFICATION NUMBER | |
| Classification number | 651 |
| 100 ## - MAIN ENTRY--PERSONAL NAME | |
| Personal name | R.C.Sharma, Krishna Mohan |
| 9 (RLIN) | 120197 |
| 245 ## - TITLE STATEMENT | |
| Title | Business Correspondence And Report Writing |
| 260 ## - PUBLICATION, DISTRIBUTION, ETC. (IMPRINT) | |
| Name of publisher, distributor, etc. | T.M.H |
| Date of publication, distribution, etc. | 2003 |
| 300 ## - PHYSICAL DESCRIPTION | |
| Extent | 431 |
| 440 ## - SERIES STATEMENT/ADDED ENTRY--TITLE | |
| Volume/sequential designation | V.N.247 |
| Withdrawn status | Lost status | Damaged status | Not for loan | Home library | Current library | Date acquired | Vendor | Cost, normal purchase price | Total Checkouts | Full call number | Barcode | Date last seen | Bill Date | Koha item type | Original Barcode |
|---|---|---|---|---|---|---|---|---|---|---|---|---|---|---|---|
| BCA College Ratnagiri | BCA College Ratnagiri | 21/10/2004 | Sahitya Mandir Ratnagiri | 160.00 | 651 | BCAR-BK-1207 | 06/03/2023 | 06/03/2023 | Books | 1207 | |||||
| BCA College Ratnagiri | BCA College Ratnagiri | 17/02/2007 | Pradip Book Depot Pune | 185.00 | 651.75 | BCAR-BK-1357 | 06/03/2023 | 06/03/2023 | Books | 1357 | |||||
| BCA College Ratnagiri | BCA College Ratnagiri | 17/02/2007 | 185.00 | 651.75 | BCAR-BK-1358 | 06/03/2023 | 06/03/2023 | Books | 1358 | ||||||
| BCA College Ratnagiri | BCA College Ratnagiri | 17/02/2007 | 185.00 | 651.75 | BCAR-BK-1359 | 06/03/2023 | 06/03/2023 | Books | 1359 | ||||||
| BCA College Ratnagiri | BCA College Ratnagiri | 17/02/2007 | 185.00 | 651.75 | BCAR-BK-1360 | 06/03/2023 | 06/03/2023 | Books | 1360 | ||||||
| BCA College Ratnagiri | BCA College Ratnagiri | 28/09/2007 | Shree Ganesh book services Mumbai | 185.00 | 651.75 | BCAR-BK-1376 | 06/03/2023 | 06/03/2023 | Books | 1376 | |||||
| BCA College Ratnagiri | BCA College Ratnagiri | 28/09/2007 | 185.00 | 651.75 | BCAR-BK-1377 | 06/03/2023 | 06/03/2023 | Books | 1377 | ||||||
| BCA College Ratnagiri | BCA College Ratnagiri | 28/09/2007 | 185.00 | 651.75 | BCAR-BK-1378 | 06/03/2023 | 06/03/2023 | Books | 1378 | ||||||
| BCA College Ratnagiri | BCA College Ratnagiri | 28/09/2007 | 185.00 | 651.75 | BCAR-BK-1379 | 06/03/2023 | 06/03/2023 | Books | 1379 | ||||||
| BCA College Ratnagiri | BCA College Ratnagiri | 28/09/2007 | 185.00 | 651.75 | BCAR-BK-1380 | 06/03/2023 | 06/03/2023 | Books | 1380 |